Largest Cities in Europe Beginning With 'A' - Statistics

General Stats
  • This quiz has been taken 662 times
  • The average score is 8 of 18
Answer Stats
# Population Country Answer % Correct
1 3,500,000 Greece Athens
100%
2 2,500,000 Netherlands Amsterdam
99%
3 1,230,000 Belgium Antwerp
96%
11 285,273 Denmark Aarhus
74%
4 573,200 Germany Aachen
68%
6 495,405 Spain Alicante
65%
13 236,000 United Kingdom Aberdeen
58%
5 515,500 Germany Augsburg
52%
8 459,533 France Avignon
47%
9 379,439 Spain A Coruña
36%
12 245,518 France Angers
34%
15 215,154 Spain Almería
33%
10 301,199 Russia Arkhangelsk
31%
7 475,629 Russia Astrakhan
29%
14 226,921 Spain Algeciras - La Línea
8%
16 195,570 Spain Alcalá de Henares
7%
18 187,177 Russia Armavir
5%
17 193,881 France Annemasse
2%
No matching quizzes found
Score Distribution
Percent of People with Each Score
Percentile by Number Answered
Your Score History
You have not taken this quiz